000 00346 a2200169 4500
001 162905
020 _a85-329-0199-9
040 _cMagnum
100 _aMarques, Ângela Cristina
240 1 0 _aBruno zumbi
_lpor
245 1 0 _aBruno zumbi
300 _a63
362 0 _a1996
440 1 _a
697 _aLITERATURA JUVENIL
942 _cBK
999 _c162905
_d162905